000
00287nam a2200097Ia 4500
008
220204s9999 xx 000 0 und d
082
_a
339.562(540)(058)
_b
IND
245
0
_a
Indian importers and exporters directory 1998-99
260
_a
New Delhi
_b
Centre of Publications
_c
1999
942
_c
BK
999
_c
41767
_d
41767